| 000 | 01075cam a2200301 i 4500 | ||
|---|---|---|---|
| 999 |
_c7863 _d7863 |
||
| 001 | 991060718748106706 | ||
| 003 | OSt | ||
| 005 | 20240215174642.0 | ||
| 008 | 220705t20222022spc 000 0 cat d | ||
| 015 |
_aLL2022 _2bnc |
||
| 017 |
_aDL V 299-2022 _bOficina DL València |
||
| 020 | _a9788491349389 | ||
| 035 | _a(OCoLC)1304513034 | ||
| 035 | _a(OCoLC)on1304513034 | ||
| 040 |
_aES-BaUAB _bcat _erda _cCDMR |
||
| 043 |
_ae-sp--- _be-spv-- _2catmarc |
||
| 080 |
_a070:378 _x(460.31) _x(091) _22004 |
||
| 245 | 0 | 0 |
_aVint anys de periodisme a la Universitat de València : _baproximació testimonial d'una experiència de servei públic del segle XXI / _cJosep Lluís Gómez Mompart (ed.) |
| 264 | 1 |
_aValència : _bUniversitat de València, _c2022 |
|
| 300 |
_a320 pàgines ; _c23 cm |
||
| 490 | 1 |
_aNexus ; _v11 |
|
| 650 | 7 |
_aPeriodisme _xEnsenyament universitari _zPaís Valencià _xHistòria. _2lemac |
|
| 700 | 1 |
_aGómez Mompart, Josep Lluís _91072 |
|
| 830 | 0 |
_aNexus (Universitat de València) ; _v11 |
|
| 908 |
_aUAB _aBC _aURL |
||
| 940 | _aOCLC | ||
| 942 |
_2udc _cMON |
||